Learning Resource and Development

Building big data applications / (Record no. 26420)

MARC details
000 -LEADER
fixed length control field 01350nam a2200289 i 4500
003 - CONTROL NUMBER IDENTIFIER
control field CSPC
005 - DATE AND TIME OF LATEST TRANSACTION
control field 20231116140307.0
008 - FIXED-LENGTH DATA ELEMENTS--GENERAL INFORMATION
fixed length control field 231110s2020 enka 001 0 eng
010 ## - LIBRARY OF CONGRESS CONTROL NUMBER
LC control number 2019939474
020 ## - INTERNATIONAL STANDARD BOOK NUMBER
International Standard Book Number 9780128157466
040 ## - CATALOGING SOURCE
Transcribing agency CSPC
050 00 - LIBRARY OF CONGRESS CALL NUMBER
Item number QA76.9.D45
Classification number K735 2020
082 04 - DEWEY DECIMAL CLASSIFICATION NUMBER
Classification number 005.745
Item number K897b
Edition number 23
100 1# - MAIN ENTRY--PERSONAL NAME
Personal name Krishnan, Krish,
Relator term author.
245 10 - TITLE STATEMENT
Title Building big data applications /
Statement of responsibility, etc. Krish Krishnan.
264 #1 - PRODUCTION, PUBLICATION, DISTRIBUTION, MANUFACTURE, AND COPYRIGHT NOTICE
Place of production, publication, distribution, manufacture London :
Name of producer, publisher, distributor, manufacturer Academic Press,
Date of production, publication, distribution, manufacture, or copyright notice 2020.
300 ## - PHYSICAL DESCRIPTION
Extent xiv, 227 pages :
Other physical details illustrations ;
Dimensions 24 cm.
336 ## - CONTENT TYPE
Source rdacontent
Content type term text
337 ## - MEDIA TYPE
Source rdamedia
Media type term unmediated
338 ## - CARRIER TYPE
Source rdacarrier
Carrier type term volume
504 ## - BIBLIOGRAPHY, ETC. NOTE
Bibliography, etc. note Includes index.
505 ## - FORMATTED CONTENTS NOTE
Formatted contents note Big data introduction -- Infrastructure and technology -- Building big data applications -- Scientific research applications and usage -- Pharmacy industry applications and usage -- Visualization, storyboarding and application -- Banking industry applications and usage -- Travel and tourism industry applications and usage -- Governance -- Building the big data application -- Data discovery and connectivity -- Use cases from industry vendors.
650 #0 - SUBJECT ADDED ENTRY--TOPICAL TERM
Topical term or geographic name entry element Big data.
650 #0 - SUBJECT ADDED ENTRY--TOPICAL TERM
Topical term or geographic name entry element Data warehousing.
942 ## - ADDED ENTRY ELEMENTS (KOHA)
Source of classification or shelving scheme Dewey Decimal Classification
Koha item type Books
Classification part 005.745
Call number prefix GRD
Call number suffix 2020
Suppress in OPAC No
Holdings
Withdrawn status Lost status Source of classification or shelving scheme Damaged status Not for loan Home library Current library Shelving location Date acquired Total Checkouts Full call number Barcode Date last seen Copy number Price effective from Koha item type
    Dewey Decimal Classification     Main Library Main Library Graduate School Library 11/10/2023   GRD 005.745 K897b 2020 026281 11/10/2023 1-1 11/10/2023 Books